Occupational therapy : (Record no. 120716)

MARC details
000 -LEADER
fixed length control field 01038pam a2200277 a 4500
003 - CONTROL NUMBER IDENTIFIER
control field OSt
005 - DATE AND TIME OF LATEST TRANSACTION
control field 20250425094931.0
008 - FIXED-LENGTH DATA ELEMENTS--GENERAL INFORMATION
fixed length control field
020 ## - INTERNATIONAL STANDARD BOOK NUMBER
International Standard Book Number 9780323339278 (hardcover)
040 ## - CATALOGING SOURCE
Original cataloging agency NUST
Transcribing agency NUST
Language of cataloging eng
Modifying agency NUST
Description conventions rda
050 00 - LIBRARY OF CONGRESS CALL NUMBER
Classification number RM735 PED
245 00 - TITLE STATEMENT
Title Occupational therapy :
Remainder of title practice skills for physical dysfunction /
Statement of responsibility, etc. edited by Heidi McHugh Pendleton and Winifred Schultz Krohn.
250 ## - EDITION STATEMENT
Edition statement Eighth edition.
260 ## - PUBLICATION, DISTRIBUTION, ETC.
Place of publication, distribution, etc. St Lious :
Name of publisher, distributor, etc. Elsevier,
Date of publication, distribution, etc. 2018.
300 ## - PHYSICAL DESCRIPTION
Extent xiv, 1241 pages :
Other physical details Illustrations ;
Dimensions 25 cm.
336 ## - CONTENT TYPE
Content type term text
Content type code txt
Source rdacontent
337 ## - MEDIA TYPE
Media type term unmediated
Media type code n
Source rdamedia
338 ## - CARRIER TYPE
Carrier type term volume
Carrier type code nc
Source rdacarrier
504 ## - BIBLIOGRAPHY, ETC. NOTE
Bibliography, etc. note Includes bibliographical references and index.
650 #0 - SUBJECT ADDED ENTRY--TOPICAL TERM
Form subdivision People with disabilities -- Rehabilitation.
650 #0 - SUBJECT ADDED ENTRY--TOPICAL TERM
Form subdivision Occupational therapy.
650 #0 - SUBJECT ADDED ENTRY--TOPICAL TERM
Form subdivision Disabled Persons.
700 1# - ADDED ENTRY--PERSONAL NAME
Personal name Pendleton, Heidi McHugh
Relator term Editor
700 1# - ADDED ENTRY--PERSONAL NAME
Personal name Schultz Krohn, Winifred
Relator term Editor
942 ## - ADDED ENTRY ELEMENTS (KOHA)
Koha item type Ordinary Loan Books
Source of classification or shelving scheme Library of Congress Classification
Edition Eighth edition.
Classification part RM735 PED
Call number prefix RM
Call number suffix PED
Suppress in OPAC No
Holdings
Withdrawn status Lost status Source of classification or shelving scheme Damaged status Not for loan Collection Home library Current library Shelving location Date acquired Cost, normal purchase price Total Checkouts Full call number Barcode Date last seen Cost, replacement price Price effective from Koha item type Source of acquisition Accession number Public note
    LCC     NFIC MEDICAL MEDICAL GEN 01/20/2023 80.00   RM735 PED 92004048704 01/20/2023 80.00 01/20/2023 BOOKS      
    LCC     NFIC MEDICAL MEDICAL GEN 04/25/2025 89.00   RM735 PED 92004056149 04/25/2025 89.00 04/25/2025 BOOKS Book Aid International 63053 Donation